000 00418nam a2200169Ia 4500
008 170705s9999 xx 000 0 und d
020 _a9780590205177
245 _aI have a dream /
245 _cMartin Luther King, Jr. ; Coretta Scott King.
260 _aNew York :
260 _bScholastic,
260 _c1963
300 _a40 pages :
300 _bcolor illustration ;
300 _c31cm.
500 _a1130
999 _c336322
_d336322